000 00267nam a22001217a 4500
999 _c8873
_d8873
003 OSt
005 20191109132532.0
008 191109b ||||| |||| 00| 0 eng d
040 _cDDC
100 _aBailey, Brian J.
245 _aSatya ka Athma-Sahayak
942 _2ddc
_cBK